000 00339nam a22001457a 4500
003 SGT
020 _a978-3-13-141251-5
082 _a615.892
_bT07Q
100 _aQUIRICO, PIERO ETTORE
245 _aTEACHING ATLAS OF ACUPUNCTURE-1
260 _aNEW YORK
_bTHIEME STUTTGART
_c2007
300 _a402
650 _aAYURVEDA
942 _2ddc
_cBK
999 _c19792
_d19792